00597nam a2200217 i 4500001000300000003000400003005001700007008004100024020001500065040000800080041000800088080001500096080000900111100002000120245007400140260003000214650003400244650005400278655002600332700002100358bgBPK20190725111845.0 s1990 uk a g f |000 0 eng d a0582558948 cBPK aeng a811.111'36 a(07)1 aWalker, Elaine. 0aGrammar practice for intermediate students /cE. Walker, S. Elsworth. aHarlow :bLongman,c1990. 4aJęzyk angielskixgramatyka. 4aJęzyk angielskixpoziom średnio zaawansowany. 4aĆwiczenia i zadania1 aElsworth, Steve.